[Event "GRE-ch U14"]
[Site "Greece"]
[Date "2001.04.08"]
[Round "3"]
[White "Persidis, O."]
[Black "Efstathopoulos, Pavlos"]
[Result "0-1"]
[WhiteElo "1510"]
[BlackElo "1735"]
[PlyCount "72"]
[EventDate "2001.04.??"]
[EventType "swiss"]
[EventRounds "7"]
[EventCountry "GRE"]
[SourceTitle "EXT 2003"]
[Source "ChessBase"]
[SourceDate "2002.11.25"]
[SourceVersion "1"]
[SourceVersionDate "2002.11.25"]
[SourceQuality "1"]

1. e4 c5 2. Nf3 Nc6 3. d4 cxd4 4. Nxd4 Qc7 5. Be3 a6 6. f3 e6 7. Be2 Nf6 8. Nc3 Bb4 9. Qd2 d5 10. Nxc6 bxc6 11. a3 Bd6 12. g3 Bb7 13. 0-0-0 Rb8 14. Ba7 Ra8 15. Be3 Bc8 16. Na4 c5 17. Bg5 Bd7 18. Bxf6 gxf6 19. exd5 Bxa4 20. dxe6 Be5 21. f4 Bd4 22. Rde1 fxe6 23. c3 Bc6 24. Bh5+ Ke7 25. Rhf1 Bd5 26. cxd4 cxd4+ 27. Kb1 Qc4 28. Qb4+ Qxb4 29. axb4 Rab8 30. Be2 Rxb4 31. Bxa6 Ra8 32. Bd3 Ba2+ 33. Kc1 Rc8+ 34. Kd1 Rxb2 35. Bxh7 Bb3+ 36. Bc2 Rcxc2 0-1